000 00667nam a2200193 4500
001 120895
003 ES-MaACL
005 20251009173641.0
007 t|
008 070214s1957 sp r ||||1| spa d
100 1 _aPombo, Rafael.
_992911
245 1 0 _aPoesías completas /
_cRafael Pombo ; estudio preliminar de Antonio Gómez Restrepo ; prólogo, ordenación y notas de Eduardo Carranza.
260 _aMadrid :
_bAguilar,
_c1957.
300 _a1641 p., 1 lám. :
_b`retr. aut.` ;
_c14 cm.
700 1 _aGómez Restrepo, Antonio,
_d1869-1947
_958130
700 1 _aCarranza, Eduardo.
_935501
852 _aES-MaACL
_jD-6224
_bR.40238
999 _c120895
_d120895